Les portiques calcul statique

Gespeichert in:
Bibliographische Detailangaben
1. Verfasser: Gierszewski, Maciej (VerfasserIn)
Format: Buch
Sprache:Französisch
Veröffentlicht: París Dunod 1966
Schlagworte:
Tags: Tag hinzufügen
Keine Tags, Fügen Sie den ersten Tag hinzu!

MARC

LEADER 00000nam a2200000 a 4500
001 UCP2934
003 CL-VaPUC
008 990604e19660000FR |||||||||||||||||fre|d
082 0 4 |a 624.182  |b GIE  |2 21 
100 0 |a Gierszewski, Maciej  |e author  |9 429947 
245 1 4 |a Les portiques calcul statique 
300 |a 619 p 
942 |c BK 
945 |d 19990604 00:00:00  |a cmena 
260 |a París  |b Dunod  |c 1966 
650 0 |a Estructuras  |9 271908 
650 0 |a Elementos estructurales  |9 350100 
650 0 |a Estructuras metálicas  |9 265870 
650 0 |a Propiedades mecánicas   |9 262507 
650 0 |a Análisis estructural mecánico   |9 363908 
650 7 |a TOLERANCIAS MECANICAS  |2 CL-VaPUC  |9 361708 
583 |a last modification  |c 19990604 00:00:00  |k Rodrigo Vera 
999 |c 281397  |d 281395